Programa VIH Sida disminució del dany a l’activitat sexual disminució del dany a l’activitat sexual
Descripción Física:
2 preservatius de la Marca Prime en una bossa de plàstic ; 10 x 8 cm
MARC
| LEADER | 00000nrm a2200000Ia 4500 | ||
|---|---|---|---|
| 001 | 24491 | ||
| 008 | 160829s9999 xx 000 0 cat d | ||
| 080 | |a NBM-11-10 | ||
| 245 | 0 | 0 | |a Programa VIH Sida |h [Bossa] : |b disminució del dany a l’activitat sexual |
| 260 | |a [Barcelona] : |b [Diputació de Barcelona], [s.a.] | ||
| 300 | |a 2 preservatius de la Marca Prime en una bossa de plàstic ; |c 10 x 8 cm | ||
| 650 | |a VIH Sida |x Barcelona (Província) |9 49215 | ||
| 650 | 0 | |a Objectes publicitaris |9 54098 | |
| 710 | 1 | |a Barcelona (Catalunya : Província). |b Diputació |9 52408 | |
| 901 | |a Arxiu | ||
| 942 | |n 1 |2 udc | ||
| 952 | |0 0 |1 0 |4 0 |6 NBM1110 |7 1 |9 55204 |a Arxiu |b Arxiu |d 2016-12-01 |l 0 |o NBM-11-10 |p 24491 |r 2016-12-01 00:00:00 |w 2016-12-01 |y ARXIU | ||
| 999 | |c 59076 |d 59076 | ||